Deuda externa y crecimiento económico / (Registro nro. 12832)

Detalles MARC
000 -LEADER
fixed length control field 01285nam a2200205Ia 4500
003 - CONTROL NUMBER IDENTIFIER
control field OSt
005 - DATE AND TIME OF LATEST TRANSACTION
control field 20211207105614.0
008 - FIXED-LENGTH DATA ELEMENTS--GENERAL INFORMATION
fixed length control field 210310s1990 ck ad gr 000 0 spa d
040 ## - CATALOGING SOURCE
Original cataloging agency CO-JMCR
Transcribing agency CO-JMCR
082 04 - DEWEY DECIMAL CLASSIFICATION NUMBER
Classification number 336.3435098 /
Item number D419d
Edition number 23
110 ## - MAIN ENTRY--CORPORATE NAME
Corporate name or jurisdiction name as entry element Departamento de Investigaciones Estudios y Proyectos DIEP
Relator term autor
9 (RLIN) 41751
245 10 - TITLE STATEMENT
Title Deuda externa y crecimiento económico /
Statement of responsibility, etc. Departamento de Investigaciones Estudios y Proyectos DIEP.
260 ## - PUBLICATION, DISTRIBUTION, ETC.
Place of publication, distribution, etc. Bogotá :
Name of publisher, distributor, etc. Confederación General del Trabajo,
Date of publication, distribution, etc. 1990.
300 ## - PHYSICAL DESCRIPTION
Other physical details 91 Páginas :
Extent ilustraciones y gráficas en blanco y negro ;
Dimensions 28 cm.
504 ## - BIBLIOGRAPHY, ETC. NOTE
Bibliography, etc. note Bibliografía : páginas 91.
505 0# - FORMATTED CONTENTS NOTE
Formatted contents note Evolución y composición de la deuda externa 1970-1990. --Prestamistas y condiciones financieras de los prestamos. -- Servicios de la deuda externa. -- Utilización de la deuda externa. -- Deuda externa, producto interno bruto y producto por habitante. -- Servicio de la deuda externa y valor de las exportaciones. -- Deuda externa y balanza de pagos. -- Deuda externa y ajuste de la economía. -- Deuda externa, ingresos y gastos fiscales. -- Deuda externa y apertura económica. -- Conclusiones y proposiciones de C.B.T.
650 14 - SUBJECT ADDED ENTRY--TOPICAL TERM
Topical term or geographic name entry element Deudas externa
9 (RLIN) 41752
650 24 - SUBJECT ADDED ENTRY--TOPICAL TERM
Topical term or geographic name entry element Crecimiento económico
9 (RLIN) 3636
942 ## - ADDED ENTRY ELEMENTS (KOHA)
Source of classification or shelving scheme Dewey Decimal Classification
Koha item type Books
Existencias
Withdrawn status Lost status Source of classification or shelving scheme Damaged status Not for loan Home library Current library Shelving location Date acquired Source of acquisition Full call number Barcode Date last seen Copy number Price effective from Koha item type
    Dewey Decimal Classification     Biblioteca Pública José María del Castillo y Rada Biblioteca Pública José María del Castillo y Rada General Stacks 04/15/2018 Donación 336.3435098 / D419d 430004247 01/13/2025 Ej.1 03/10/2021 Books